| 000 | 01794nam a2200253 a 4500 | ||
|---|---|---|---|
| 001 | 000006222 | ||
| 005 | 20250123122253.0 | ||
| 008 | 090827s1999 dr 001 0 spa d | ||
| 020 | _a8489525633 | ||
| 040 |
_aDO-SdBNP _bspa _cBNPHU |
||
| 082 |
_a370.71 _bF438f |
||
| 100 | 1 |
_aFiallo Billini, José Antinoe _d1944- _910159 |
|
| 245 | 1 | 3 |
_aLa formación de maestros y maestras en República Dominicana : _buna reflexión sobre los saberes en una perspectiva histórica 1844-1992 / _cJosé Antinoe Fiallo Billini, Alejandrina Germán de Sosa. |
| 260 |
_aSanto Domingo : _bInstituto Tecnológico de Santo Domingo, _c1999. |
||
| 300 |
_a218 p. ; _c21 cm. |
||
| 500 | _aBibliografía: p. 205-218 | ||
| 505 | 0 |
_gIntroducción -- _tCaracterísticas generales del período 1844-1865 -- _tCaracterísticas del período 1866-1899 -- _tCaracterísticas generales del período 1900-1916 -- _tCaracterísticas generales del período 1916-1924 -- _tCaracterísticas generales del período 1930-1961 -- _tCaracterísticas generales del período 1961-1978 -- _tCaracterísticas generales del período 1978-1992 -- _tPlan Decenal de Educación -- _tAnte-proyecto de Ley General de Educación -- _tProyecto de resolución que establece el programa de profesionalización para docentes bachilleres en el nivel básico del sector oficial -- _tAlgunos puntos de vistas recientes en la discusión y debate internacional sobre curriculum y formación de maestros -- _gConsideraciones finales -- _gCitas y notas bibliográficas. |
|
| 590 | _aInventariado, 2018/LP | ||
| 650 | 4 |
_aFormación profesional de maestros _917397 |
|
| 650 | 4 |
_aEducación _zRepública Dominicana _xHistoria _913100 |
|
| 650 | 4 |
_aCapacitación docente _917398 |
|
| 700 | 1 |
_aGermán de Sosa, Alejandrina _917107 |
|
| 910 | _aValidado. Control de calidad EMS | ||
| 999 |
_c6017 _d6017 |
||